Piloti Vincitori dei Gran Premi di Formula 1 2006 - Statistics

Statistiche generali
  • Questo quiz è stato fatto 17 volte
  • Il punteggio medio è 17 su 18
Statistiche sulle risposte
Gran Premio Vincitore % Corretto
Gran Premio del Bahrein Fernando Alonso
100%
Gran Premio d'Australia Fernando Alonso
100%
Gran Premio di Spagna Fernando Alonso
100%
Gran Premio di Monaco Fernando Alonso
100%
Gran Premio di Gran Bretagna Fernando Alonso
100%
Gran Premio del Canada Fernando Alonso
100%
Gran Premio del Giappone Fernando Alonso
100%
Gran Premio di San Marino Michael Schumacher
100%
Gran Premio d'Europa Michael Schumacher
100%
Gran Premio degli Stati Uniti d'America Michael Schumacher
100%
Gran Premio di Francia Michael Schumacher
100%
Gran Premio di Germania Michael Schumacher
100%
Gran Premio d'Italia Michael Schumacher
100%
Gran Premio di Cina Michael Schumacher
100%
Gran Premio di Turchia Felipe Massa
88%
Gran Premio del Brasile Felipe Massa
88%
Gran Premio della Malesia Giancarlo Fisichella
88%
Gran Premio d'Ungheria Jenson Button
50%
Nessun quiz corrispondente trovato
Distribuzione punteggi
Percentuale di utenti per punteggio
Percentile per numero di risposta
I tuoi punteggi nel tempo
Non hai fatto questo quiz